[Event "Centelles op B"]
[Site "Centelles"]
[Date "1996.10.19"]
[Round "7"]
[White "Gisbert Carreras, Artur"]
[Black "Cano de Arribas, Juan Carlos"]
[Result "0-1"]
[WhiteElo "1900"]
[BlackElo "1790"]
[PlyCount "32"]
[EventDate "1996.09.07"]
[EventType "swiss"]
[EventRounds "8"]
[EventCountry "ESP"]
[SourceTitle "EXT 2003"]
[Source "ChessBase"]
[SourceDate "2002.11.25"]
[SourceVersion "1"]
[SourceVersionDate "2002.11.25"]
[SourceQuality "1"]

1. c4 e5 2. Nc3 Bc5 3. e3 Nf6 4. g3 d6 5. Bg2 Nc6 6. Nge2 0-0 7. 0-0 h6 8. d4 Bb6 9. b3 Bg4 10. d5 Ne7 11. Bb2 Qd7 12. Qc2 Bh3 13. e4 Bxg2 14. Kxg2 Ng4 15. Na4 Bxf2 16. Rxf2 Ne3+ 0-1